| 000 | 01311nam a2200373 a 4500 | ||
|---|---|---|---|
| 001 | 82097 | ||
| 003 | BD-RjUL | ||
| 005 | 20231012112210.0 | ||
| 008 | 210104s2021 enk b 001 0 eng | ||
| 020 |
_a9780367764029 _q(paperback) |
||
| 020 |
_a9780367764036 _q(hardback) |
||
| 020 |
_z9781003166801 _q(ebook) |
||
| 035 | _a(BD-RjUL)82097 | ||
| 040 |
_aDLC _beng _erda _cDLC _dBD-RjUL |
||
| 041 | _aeng | ||
| 082 | 0 | 0 |
_223 _a327.2 _bFUT 2021 |
| 245 | 0 | 4 |
_aThe future of diplomacy after COVID-19 : _bmultilateralism and the global pandemic / _cedited by Hana Alhashimi [and five others]. |
| 263 | _a2106 | ||
| 264 | 1 |
_aAbingdon, Oxon ; _aNew York, NY : _bRoutledge, _c2021. |
|
| 300 | _apages cm | ||
| 336 |
_atext _btxt _2rdacontent |
||
| 337 |
_aunmediated _bn _2rdamedia |
||
| 338 |
_avolume _bnc _2rdacarrier |
||
| 504 | _aIncludes bibliographical references and index. | ||
| 650 | 0 | _aInternational cooperation. | |
| 650 | 0 |
_aInternational relations. _97779 |
|
| 650 | 0 |
_aInternational economic relations. _94044 |
|
| 650 | 0 |
_aSustainable development _xInternational cooperation. _99496 |
|
| 650 | 0 |
_aCOVID-19 (Disease) _xPolitical aspects. _99497 |
|
| 650 | 0 |
_aCOVID-19 (Disease) _xEconomic aspects. _92638 |
|
| 700 | 1 |
_aAlhashimi, Hana, _eeditor. _99498 |
|
| 942 |
_2ddc _cBK |
||
| 999 |
_c82097 _d82097 |
||